Unitářská teologie: jaký rámec dáváme světu? /

Další autoři: Weiniger, Ruth J., 1982-
Jazyk: Čeština
Vydáno: Praha : Unitářská akademie, 2019
Edice: Obzory (Unitářská akademie). Teologie
Témata:
Fyzický popis: 26 stran ; 25 cm
Knihy
Uloženo v:
LEADER 02236nam a2200637 i 4500
001 nkc20203171231
003 CZ PrNK
005 20200304062509.0
007 ta
008 200120s2019 xr e 000 0 cze
015 |a cnb003171231 
020 |a 978-80-86105-85-7  |q (brožováno) 
035 |a (OCoLC)1143807367 
040 |a ABA001  |b cze  |e rda 
041 1 |a cze  |h eng 
072 7 |a 271/279  |x Křesťanské církve, sekty, denominace  |2 Konspekt  |9 5 
080 |a 278.15-726.6  |2 MRF 
080 |a 278.15  |2 MRF 
080 |a 2-664.3  |2 MRF 
080 |a 2-1/-9  |2 MRF 
080 |a 2-184.3  |2 MRF 
080 |a 2-1  |2 MRF 
080 |a (048.8)  |2 MRF 
130 0 |a Theology: how do we frame the world?.  |l Česky 
245 1 0 |a Unitářská teologie: jaký rámec dáváme světu? /  |c přeložila Ruth Weiniger 
264 1 |a Praha :  |b Unitářská akademie,  |c 2019 
300 |a 26 stran ;  |c 25 cm 
336 |a text  |b txt  |2 rdacontent 
337 |a bez média  |b n  |2 rdamedia 
338 |a svazek  |b nc  |2 rdacarrier 
490 1 |a Obzory. Teologie ;  |v podzim 2019, sešit 4 
500 |a Přeloženo z angličtiny 
500 |a Název z hlavičky 
504 |a Obsahuje bibliografické odkazy 
650 0 7 |a unitáři  |7 ph126931  |2 czenas 
650 0 7 |a unitarismus (náboženství)  |7 ph126930  |2 czenas 
650 0 7 |a universalismus (náboženství)  |7 ph116539  |2 czenas 
650 0 7 |a náboženské učení  |7 ph168293  |2 czenas 
650 0 7 |a náboženská víra  |7 ph115476  |2 czenas 
650 0 7 |a teologie  |7 ph116425  |2 czenas 
650 0 9 |a Unitarians  |2 eczenas 
650 0 9 |a Unitarianism  |2 eczenas 
650 0 9 |a universalism (religion)  |2 eczenas 
650 0 9 |a religious doctrines  |2 eczenas 
650 0 9 |a religious faith  |2 eczenas 
650 0 9 |a theology  |2 eczenas 
655 7 |a studie  |7 fd133597  |2 czenas 
655 9 |a studies  |2 eczenas 
700 1 |a Weiniger, Ruth J.,  |d 1982-  |7 xx0122729  |4 trl 
765 0 8 |i Originál vydán v publikaci:  |t Engaging our theological diversity  |9 Česky 
830 0 |a Obzory (Unitářská akademie).  |p Teologie  |0 s 
910 2 |a BOA001  |b 2-1443.310 
990 |a BK 
995 |a 01 
991 |b 202002  |c NOV 
996 6 |b 2610814082  |c 2-1443.310  |l MZK  |r Sklad / do 1 hodiny  |n 0  |p p.v.  |w 001780956  |u 000010  |a 1  |e BOA001  |j MZK50  |s P